[Event "CRO-ch Youth U19 2020"]
[Site "Vinkovci"]
[Date "2020.07.29"]
[Round "3.14"]
[White "Dasic, Jelena"]
[Black "Muha, Magdalena"]
[Result "1/2-1/2"]
[WhiteElo "1814"]
[BlackElo "1720"]
[Annotator "NA"]
[PlyCount "75"]
[EventDate "2020.07.28"]
[EventType "swiss"]
[EventCountry "CRO"]
[SourceTitle "playchess.com"]
[Source "ChessBase"]
[SourceQuality "1"]
[TimeControl "5400+30"]

1. d4 {[%emt 0:01:30]} d5 {[%emt 0:00:30]} 2. Bf4 {[%emt 0:00:00]} Nf6 {[%emt 0:00:00]} 3. c3 {[%emt 0:00:00]} c5 {[%emt 0:02:00]} 4. e3 {[%emt 0:00:00]} Nc6 {[%emt 0:00:00]} 5. h3 {[%emt 0:00:00]} Qb6 {[%emt 0:04:00]} 6. Qc2 {[%emt 0:00:30] [#] D00: 1 d4 d5: Unusual lines.} Bf5 $146 {[%emt 0:01:30]} ({Predecessor:} 6... cxd4 7. exd4 Bf5 8. Qxf5 Qxb2 9. Ne2 e6 10. Qd3 Ne4 11. Bc1 Qxa1 12. f3 Nb4 {0-1 (37) Luba,L (2130)-Gierulski,K (2219) Jastrzebia Gora 2018}) 7. dxc5 {[%emt 0:07:30]} Bxc2 {[%emt 0:01:30]} 8. cxb6 {[%emt 0:00:00]} e5 {[%emt 0:04:30]} 9. Bh2 {[%emt 0:02:00]} axb6 {[%emt 0:06:30]} 10. a3 {[%emt 0:05:30]} d4 {[%emt 0:08:30]} 11. exd4 {[%emt 0:01:30]} exd4 {[%emt 0:03:30]} 12. Ne2 $2 {[%emt 0:02:30]} (12. Bb5 $15) 12... d3 {[%emt 0:15:30]} 13. Nd4 {[%emt 0:01:30] [#]} Nxd4 $1 {[%emt 0:00:30]} 14. cxd4 {[%emt 0:00:00]} Bb4+ {[%emt 0:03:30]} 15. Nd2 {[%emt 0:00:00]} O-O {[%emt 0:02:30]} 16. Rc1 {[%emt 0:02:30]} Rfe8+ {[%emt 0:03:30]} 17. Be5 {[%emt 0:00:00]} Bxd2+ {[%emt 0:02:30]} 18. Kxd2 {[%emt 0:00:00]} Ne4+ {[%emt 0:00:30]} 19. Ke3 {[%emt 0:00:30]} d2 {[%emt 0:00:30]} 20. Bb5 {[%emt 0:00:30]} dxc1=Q+ {[%emt 0:00:30]} 21. Rxc1 {[%emt 0:00:00]} Rec8 {[%emt 0:00:30]} 22. Bd7 {[%emt 0:00:00]} Rd8 {[%emt 0:06:30]} 23. Rxc2 {[%emt 0:02:30]} Rxd7 {[%emt 0:00:00]} 24. Kxe4 {[%emt 0:01:30]} f6 {[%emt 0:01:00]} 25. Bf4 {[%emt 0:02:30]} Kf7 {[%emt 0:01:30]} 26. g3 {[%emt 0:02:30]} Re8+ {[%emt 0:01:30]} 27. Kd3 {[%emt 0:00:30]} Re1 {[%emt 0:00:30]} 28. Be3 {[%emt 0:00:30]} Ke6 {[%emt 0:01:30]} 29. Ke4 {[%emt 0:00:30]} f5+ {[%emt 0:01:30]} 30. Kf4 {[%emt 0:01:30]} Kf6 {[%emt 0:01:30]} (30... Rb1 $17) 31. Kf3 {[%emt 0:02:30]} (31. Rc3 $11 {remains equal.}) 31... g5 {[%emt 0:01:30]} 32. h4 {[%emt 0:04:30]} (32. Rc4 $11 {remains equal.}) 32... gxh4 {[%emt 0:01:30]} 33. gxh4 {[%emt 0:00:30]} Rh1 {[%emt 0:00:30]} 34. Bg5+ {[%emt 0:01:30]} Kg6 {[%emt 0:00:00]} 35. Re2 {[%emt 0:01:30]} Rxd4 {[%emt 0:04:00]} (35... Kf7 $17) 36. Re6+ {[%emt 0:00:30] Double Attack} Kg7 {[%emt 0:01:30]} 37. Re7+ {[%emt 0:00:30]} Kg6 {[%emt 0:00:30]} 38. Re6+ $15 {[%emt 0:00:00] Double Attack} 1/2-1/2

[Event "CRO-ch Youth U19 2020"]
[Site "Vinkovci"]
[Date "2020.07.29"]
[Round "3.15"]
[White "Golub, Nikolina"]
[Black "Vujic, Agata"]
[Result "1-0"]
[WhiteElo "1911"]
[BlackElo "1621"]
[Annotator "TA"]
[PlyCount "127"]
[EventDate "2020.07.28"]
[EventType "swiss"]
[EventCountry "CRO"]
[SourceTitle "playchess.com"]
[Source "ChessBase"]
[SourceQuality "1"]

{[%evp 16,127,39,37,33,33,49,35,28,45,82,97,95,69,108,34,38,0,30,-6,66,66,68,34,67,0,0,-4,0,-18,-6,0,-7,-16,-6,-16,0,-25,-46,-45,0,0,1,20,5,-1,-1,-1,-3,-3,-3,-3,0,0,76,82,92,79,97,87,198,119,233,235,232,200,300,266,266,266,266,268,413,403,450,449,517,333,375,240,243,245,288,209,245,135,240,136,197,197,136,136,136,136,136,136,136,136,476,568,563,548,568,558,456,377,4255,4133,1101,1917,6079,6002,9074,5195]} 1. d4 d5 2. c4 dxc4 3. e3 Nf6 4. Bxc4 e6 5. Nf3 a6 6. O-O b5 7. Bd3 Bb7 8. a4 b4 9. Qe2 Be7 {D26: Queen's Gambit Accepted: 4 e3 e6 5 Bxc5 c5 sidelines.} 10. Nbd2 O-O 11. Rd1 Nbd7 {White is slightly better.} 12. Nc4 {[#]} Qb8 $146 ({Predecessor:} 12... Ne4 13. Nfe5 Nxe5 14. Nxe5 Bd6 15. f3 Nf6 16. Nc4 a5 17. e4 Be7 18. Be3 Nd7 {1-0 (39) Kozma,K (2256)-Siskov,V (2140) Hungary 1999}) 13. e4 c5 14. e5 $1 {[%cal Re5f6]} Ne8 15. Ng5 ({Better is} 15. Be4 $16) 15... g6 $1 $14 16. Qg4 Ng7 17. Qh3 {[%csl Gg5][%cal Rh3h7]} Bxg5 ({Black should play} 17... h5 $11) 18. Bxg5 cxd4 19. Be7 Re8 20. Bd6 (20. Qh4 $1 $14) 20... Qa7 $11 21. Bxb4 Bd5 $1 22. Qg3 Bxc4 23. Bxc4 Nf5 24. Qf4 Qc7 25. Rac1 {Hoping for g4.} Qxe5 26. Qxe5 Nxe5 27. Be2 Red8 28. f4 Rab8 29. Ba5 Rd5 30. b4 d3 {White must now prevent ...Rxa5.} 31. fxe5 dxe2 32. Rxd5 exd5 {[%mdl 4096] Endgame KRB-KRN} 33. Kf2 Nd4 34. Rc5 {[#]} Re8 (34... f6 $1 $11 {[%mdl 512]} 35. e6 (35. exf6 Rf8) 35... Re8 36. Rxd5 Rxe6) 35. Rxd5 $16 Nc6 36. Kxe2 Nxe5 {[#]} 37. Kd2 $1 Nc4+ (37... Nc6 $16) 38. Kc3 $18 Ne3 (38... Nxa5 $16 {was called for.} 39. Rxa5 Re6) 39. Rd6 Rc8+ 40. Kd3 Nc4 (40... Nxg2 {might work better.} 41. Rxa6 Ne1+ 42. Kd4 Nc2+ 43. Kd5 Ne3+ 44. Kd4 Nc2+ 45. Ke5 Re8+ 46. Kd5 Ne3+ 47. Kc5 Re4) 41. Rxa6 Nb2+ 42. Kd4 Nxa4 43. b5 {[%cal Bb4b5,Bb5b6][%mdl 32]} Nc5 {[#]} (43... Rb8 $142 44. Bc7 Rxb5 45. Rxa4 Rb7) 44. Rc6 $1 {[%mdl 512]} Ne6+ 45. Kc4 Rb8 46. g3 Kf8 47. Bb4+ Ke8 48. b6 Rb7 49. Rd6 Nd8 50. Kd5 (50. Rd2 $18) 50... Rd7 (50... h5 $16 {is a better defense.} 51. Bd2 Rd7) 51. Bc3 (51. g4 $18) 51... Nb7 (51... h5 $16 52. Bd2 Ne6 53. Rxd7 Kxd7) 52. Rxd7 Kxd7 {KB-KN} 53. Bf6 h5 54. Bg5 Nd6 55. Bf4 Nb7 56. Bc7 f6 $2 {[%mdl 8192] Now Black is done in.} (56... Na5 $16 57. Bf4 Nb7) 57. Bf4 g5 58. Bd2 Nd8 59. Bc3 Ke7 60. Bd4 h4 $2 (60... g4 61. Bc3 Kd7 62. Bxf6 Nb7) 61. gxh4 {White is clearly winning.} gxh4 62. h3 Nb7 63. Bf2 f5 64. Bxh4+ {Accuracy: White = 69%, Black = 46%.} 1-0

[Event "CRO-ch Youth U19 2020"]
[Site "Vinkovci"]
[Date "2020.07.29"]
[Round "3.16"]
[White "Smetisko, Marija"]
[Black "Juric, Matea"]
[Result "1-0"]
[WhiteElo "1917"]
[BlackElo "1559"]
[Annotator "ChessBase"]
[PlyCount "63"]
[EventDate "2020.07.28"]
[EventType "swiss"]
[EventCountry "CRO"]
[SourceTitle "playchess.com"]
[Source "ChessBase"]
[SourceQuality "1"]
[TimeControl "5400+30"]

1. e4 {[%emt 0:00:30]} e5 {[%emt 0:00:30]} 2. Nf3 {[%emt 0:00:00]} Nc6 {[%emt 0:00:00]} 3. Be2 {[%emt 0:00:00]} Nf6 {[%emt 0:01:00]} 4. Nc3 {[%emt 0:01:30]} d5 {[%emt 0:05:30]} 5. exd5 {[%emt 0:04:30]} Nxd5 {[%emt 0:00:30]} 6. Nxd5 {[%emt 0:06:30]} Qxd5 {[%emt 0:00:30]} 7. O-O {[%emt 0:02:30]} Bc5 {[%emt 0:04:30]} 8. Re1 {[%emt 0:08:30]} O-O {[%emt 0:04:30]} 9. Bd3 {[%emt 0:01:30]} f5 {[%emt 0:30:30]} 10. b3 {[%emt 0:01:30]} Kh8 {[%emt 0:07:30]} 11. Bb2 {[%emt 0:01:30]} Bd4 {[%emt 0:08:30]} 12. Bxd4 {[%emt 0:11:30]} exd4 {[%emt 0:01:30]} 13. Nh4 {[%emt 0:02:30]} Qf7 {[%emt 0:11:30]} 14. Qf3 {[%emt 0:10:30]} Be6 {[%emt 0:01:25]} 15. Qf4 {[%emt 0:01:30]} Rac8 {[%emt 0:03:41]} 16. Nf3 {[%emt 0:00:30]} Qf6 {[%emt 0:03:39]} 17. Ng5 {[%emt 0:01:30]} Bg8 {[%emt 0:07:12]} 18. a3 {[%emt 0:02:30]} h6 {[%emt 0:01:01]} 19. Nf3 {[%emt 0:01:30]} a6 {[%emt 0:01:15]} 20. Re2 {[%emt 0:00:30]} Qf7 {[%emt 0:04:41]} 21. Ne5 {[%emt 0:01:30]} Nxe5 {[%emt 0:00:11]} 22. Rxe5 {[%emt 0:00:30]} Rfe8 {[%emt 0:00:50]} 23. Qxd4 {[%emt 0:01:30]} Rxe5 {[%emt 0:00:13]} 24. Qxe5 {[%emt 0:00:00]} Bh7 {[%emt 0:00:39]} 25. Re1 {[%emt 0:00:00]} Bg6 {[%emt 0:00:36]} 26. Bc4 {[%emt 0:01:30]} Qf8 {[%emt 0:00:35]} 27. Qe6 {[%emt 0:00:30]} Bh7 {[%emt 0:00:25]} 28. Re5 {[%emt 0:03:30]} Bg8 {[%emt 0:00:31]} 29. Qxg8+ {[%emt 0:00:30]} Qxg8 {[%emt 0:00:06]} 30. Bxg8 {[%emt 0:00:00]} Kxg8 {[%emt 0:00:56]} 31. Rxf5 {[%emt 0:00:00]} Re8 {[%emt 0:00:30]} 32. Kf1 {[%emt 0:00:00]} 1-0

[Event "CRO-ch Youth U19 2020"]
[Site "Vinkovci"]
[Date "2020.07.30"]
[Round "4.9"]
[White "Cotic, Borna"]
[Black "Jakrlin, Mihael"]
[Result "1/2-1/2"]
[WhiteElo "2049"]
[BlackElo "2183"]
[Annotator "NA"]
[PlyCount "35"]
[EventDate "2020.07.28"]
[EventType "swiss"]
[EventCountry "CRO"]
[SourceTitle "playchess.com"]
[Source "ChessBase"]
[SourceQuality "1"]
[TimeControl "5400+30"]

{[%evp 13,29,-1,-16,-8,-9,-24,-6,-8,0,-7,0,-2,-4,0,0,-11,0,-12]} 1. e4 {[%emt 0:00:30]} c6 {[%emt 0:00:30]} 2. Nc3 {[%emt 0:01:30]} d5 {[%emt 0:00:00]} 3. d4 {[%emt 0:00:30]} dxe4 {[%emt 0:00:00]} 4. Nxe4 {[%emt 0:00:30]} Nf6 {[%emt 0:00:30]} 5. Nxf6+ {[%emt 0:06:30]} exf6 {[%emt 0:03:30]} 6. Bf4 {[%emt 0:04:30]} Bd6 {[%emt 0:06:30]} 7. Qd2 {[%emt 0:14:30]} O-O {[%emt 0:02:30]} 8. Bxd6 {[%emt 0:01:30]} Qxd6 {[%emt 0:00:30]} 9. Nf3 {[%emt 0:03:30]} Re8+ {[%emt 0:01:30]} 10. Be2 {[%emt 0:00:00]} Bg4 {[%emt 0:01:30]} 11. O-O {[%emt 0:01:00]} Nd7 {[%emt 0:00:30]} 12. h3 {[%emt 0:02:30]} Bh5 {[%emt 0:01:30]} 13. Rfe1 {[%emt 0:01:30]} Nf8 {[%emt 0:03:30]} 14. c3 {[%emt 0:05:30]} Rad8 {[%emt 0:05:30]} 15. Nh4 $11 {[%emt 0:02:30]} Rxe2 {[%emt 0:08:30]} 16. Rxe2 {[%emt 0:01:30]} Bxe2 {[%emt 0:00:30]} 17. Qxe2 {[%emt 0:00:00]} Qe6 {[%emt 0:01:30]} 18. Qxe6 {[%emt 0:04:00]} 1/2-1/2

[Event "CRO-ch Youth U19 2020"]
[Site "Vinkovci"]
[Date "2020.07.30"]
[Round "4.10"]
[White "Alfirevic, Duje"]
[Black "Salamon, Viktor"]
[Result "1-0"]
[WhiteElo "2011"]
[BlackElo "1805"]
[Annotator "ChessBase"]
[PlyCount "117"]
[EventDate "2020.07.28"]
[EventType "swiss"]
[EventCountry "CRO"]
[SourceTitle "playchess.com"]
[Source "ChessBase"]
[SourceQuality "1"]
[TimeControl "5400+30"]

1. e4 {[%emt 0:00:30]} e6 {[%emt 0:00:30]} 2. d4 {[%emt 0:00:00]} d5 {[%emt 0:00:00]} 3. Nd2 {[%emt 0:00:00]} Nc6 {[%emt 0:00:00]} 4. Ngf3 {[%emt 0:01:30]} Nf6 {[%emt 0:00:30]} 5. e5 {[%emt 0:01:30]} Nd7 {[%emt 0:00:30]} 6. c3 {[%emt 0:00:30]} f6 {[%emt 0:00:30]} 7. exf6 {[%emt 0:05:30]} Qxf6 {[%emt 0:00:30]} 8. Bd3 {[%emt 0:02:30]} Bd6 {[%emt 0:01:30]} 9. Qc2 {[%emt 0:09:30]} e5 {[%emt 0:05:30]} 10. dxe5 {[%emt 0:08:30]} Ndxe5 {[%emt 0:02:30]} 11. O-O {[%emt 0:00:30]} Nxd3 {[%emt 0:02:30]} 12. Qxd3 {[%emt 0:00:30]} Ne7 {[%emt 0:01:30]} 13. Nd4 {[%emt 0:07:30]} O-O {[%emt 0:07:30]} 14. N2f3 {[%emt 0:01:30]} a6 {[%emt 0:13:30]} 15. Bg5 {[%emt 0:06:30]} Qf7 {[%emt 0:01:30]} 16. Bxe7 {[%emt 0:06:30]} Qxe7 {[%emt 0:01:30]} 17. Rae1 {[%emt 0:02:30]} Qf6 {[%emt 0:01:30]} 18. b4 {[%emt 0:03:30]} Bg4 {[%emt 0:05:30]} 19. h3 {[%emt 0:04:30]} Bh5 {[%emt 0:03:30]} 20. Re6 {[%emt 0:03:30]} Qd8 {[%emt 0:04:30]} 21. Rfe1 {[%emt 0:03:30]} Bg6 {[%emt 0:02:30]} 22. Rxg6 {[%emt 0:01:30]} hxg6 {[%emt 0:06:30]} 23. Ne6 {[%emt 0:00:00]} Qd7 {[%emt 0:03:30]} 24. Nxf8 {[%emt 0:00:00]} Bxf8 {[%emt 0:01:30]} 25. Qxg6 {[%emt 0:00:30]} Qf7 {[%emt 0:00:30]} 26. Qxf7+ {[%emt 0:02:30]} Kxf7 {[%emt 0:00:00]} 27. g4 {[%emt 0:00:30]} Bd6 {[%emt 0:04:00]} 28. Kg2 {[%emt 0:02:30]} Bf4 {[%emt 0:01:30]} 29. Rd1 {[%emt 0:04:30]} c6 {[%emt 0:01:30]} 30. Rd4 {[%emt 0:02:30]} Bc7 {[%emt 0:02:30]} 31. c4 {[%emt 0:01:25]} Bb6 {[%emt 0:00:30]} 32. c5 {[%emt 0:01:05]} Bc7 {[%emt 0:00:30]} 33. a4 {[%emt 0:00:24]} Re8 {[%emt 0:02:30]} 34. Kf1 {[%emt 0:01:22]} Kf6 {[%emt 0:01:30]} 35. b5 {[%emt 0:02:24]} Ba5 {[%emt 0:06:13]} 36. Rf4+ {[%emt 0:02:41]} Ke6 {[%emt 0:00:57]} 37. bxc6 {[%emt 0:03:38]} bxc6 {[%emt 0:00:01]} 38. Rf5 {[%emt 0:00:31]} Bc3 {[%emt 0:03:14]} 39. h4 {[%emt 0:02:57]} Kd7 {[%emt 0:01:56]} 40. Rf7+ {[%emt 0:01:20]} Kc8 {[%emt 0:01:50]} 41. Rf4 {[%emt 0:01:31]} Kd7 {[%emt 0:02:25]} 42. h5 {[%emt 0:01:08]} Ke6 {[%emt 0:03:08]} 43. Ne1 {[%emt 0:02:38]} d4 {[%emt 0:01:51]} 44. Re4+ {[%emt 0:01:44]} Kd7 {[%emt 0:00:45]} 45. Rxe8 {[%emt 0:00:30]} Kxe8 {[%emt 0:00:01]} 46. Nd3 {[%emt 0:00:00]} Ke7 {[%emt 0:02:26]} 47. f4 {[%emt 0:00:56]} Ke6 {[%emt 0:00:52]} 48. Ke2 {[%emt 0:00:16]} Kd5 {[%emt 0:00:53]} 49. g5 {[%emt 0:00:55]} Ba5 {[%emt 0:00:46]} 50. g6 {[%emt 0:01:10]} Ke6 {[%emt 0:00:41]} 51. Ne5 {[%emt 0:00:50]} Bb4 {[%emt 0:00:20]} 52. Nxc6 {[%emt 0:00:46]} Bxc5 {[%emt 0:00:02]} 53. Kd3 {[%emt 0:00:00]} Kf6 {[%emt 0:00:49]} 54. Nxd4 {[%emt 0:00:19]} Ba3 {[%emt 0:00:08]} 55. Kc4 {[%emt 0:00:14]} Bc1 {[%emt 0:00:16]} 56. Ne2 {[%emt 0:00:14]} Be3 {[%emt 0:00:09]} 57. Kd3 {[%emt 0:00:26]} Bb6 {[%emt 0:00:27]} 58. Ke4 {[%emt 0:00:03]} Bc7 {[%emt 0:00:20]} 59. Nc3 {[%emt 0:00:17]} 1-0

[Event "CRO-ch Youth U19 2020"]
[Site "Vinkovci"]
[Date "2020.07.30"]
[Round "4.11"]
[White "Baric, Marko"]
[Black "Ghersinich, Enrico"]
[Result "1-0"]
[WhiteElo "1831"]
[BlackElo "2299"]
[Annotator "TA"]
[PlyCount "175"]
[EventDate "2020.07.28"]
[EventType "swiss"]
[EventCountry "CRO"]
[SourceTitle "playchess.com"]
[Source "ChessBase"]
[SourceQuality "1"]

{[%evp 16,175,4,8,27,16,20,10,10,-3,10,-16,0,0,8,0,0,-18,-12,-23,66,67,83,73,62,62,67,8,20,10,194,195,175,171,174,191,193,108,79,15,329,306,398,412,402,385,379,375,517,467,506,527,542,465,746,737,681,467,826,513,716,685,677,527,678,655,679,678,664,665,658,652,641,562,614,549,854,828,29996,751,651,359,312,308,331,0,177,193,198,0,0,0,0,0,0,0,0,0,8,8,14,0,0,0,8,0,8,8,8,8,8,8,8,8,8,8,8,0,8,8,63,8,8,0,0,0,0,0,27,8,29968,1433,1272,1200,29972,29974,29974,29974,29971,8,8,0,29963,49,325,9,7108,17,29978,29978,29979,29980,29980,29979,29985,29986,29987,29988,29988,29989,29994,29995]} 1. c4 g6 2. Nc3 Bg7 3. g3 c5 4. e4 Nc6 5. Bg2 e6 6. Nge2 Nge7 7. d3 O-O 8. O-O d6 9. Rb1 {The modern move.} a5 {A36: Symmetrical English vs ...g6: 4 Bg2 Bg7.} 10. Be3 Nd4 11. Qd2 Nec6 {The position is equal.} 12. a3 Bd7 {[#]} 13. Bh6 $146 (13. b3 {keeps more tension.} Re8 14. Bh6 Bxh6 15. Qxh6 Qf6 16. Qd2) ({Predecessor:} 13. Bg5 Nb3 14. Qe3 f6 15. Bh6 Ncd4 16. Bxg7 Kxg7 17. f4 e5 18. Nd5 Nxe2+ 19. Qxe2 {½-½ (34) Gabuzyan,H (2226)-Berbatov,K (2463) Kemer 2009}) 13... Ne5 14. Nxd4 cxd4 15. Bxg7 dxc3 16. Qxc3 (16. Qh6 Ng4 $17) 16... Kxg7 17. f4 {[%mdl 64] Pin} Qf6 (17... Qb6+ $11 18. Kh1 f6 19. fxe5 dxe5) 18. fxe5 $14 Qxe5 19. d4 Qg5 20. e5 dxe5 21. Bxb7 ({White should try} 21. Rbe1 $14) 21... Rab8 $11 22. Bg2 $36 {[%mdl 2048] White has the initiative.} Qe7 $2 (22... a4 $1 $11) 23. Qxa5 $18 (23. dxe5 $6 Qc5+ 24. Rf2 Rfc8 $14) 23... exd4 24. Qe5+ {[%mdl 64] Double Attack} Kg8 25. Qxd4 e5 26. Qe3 (26. Qa7 $18) 26... Bf5 $16 27. Be4 (27. Rxf5 $16 gxf5 28. b4) 27... Rb3 $2 {[%mdl 8192]} (27... Bxe4 $11 28. Qxe4 Qc5+ 29. Rf2 f5) 28. Qxb3 $18 Qc5+ 29. Rf2 Bxe4 30. Re1 Ba8 {intending ...Qc6.} 31. Qb5 Qd6 32. Qxe5 Qc6 {[%csl Ga8][%cal Rc6h1] [#]} 33. Qd5 $1 Qc7 (33... Qxd5 34. cxd5) 34. Qb5 Bc6 (34... Qd8 $142 35. a4 Qd3) 35. Qc5 Qd7 36. b4 h5 (36... Ba8 $142 37. Qb6 Qd3) 37. Qg5 Qd3 38. b5 Ba8 39. Qc1 h4 40. Re3 Qd7 41. Qd2 Qb7 {[%csl Ga8][%cal Rb7h1]} 42. Qd5 Qa7 43. Qe5 Qb7 {[%csl Ga8][%cal Rb7h1]} 44. Kf1 Qh1+ 45. Ke2 Rd8 {[%csl Gd8][%cal Rh1d1]} 46. Rd3 Rxd3 47. Kxd3 {[%mdl 4096] Endgame KQR-KQB} (47. Qe8+ $142 Kh7 48. Rxf7+ Kh6 49. Qh8+ Kg5 50. Qxh4#) 47... Qb1+ 48. Kd2 Qa2+ 49. Ke1 Qb1+ 50. Kd2 (50. Ke2 $142 Qa2+ 51. Kf1 Qxc4+ 52. Kg1) 50... Qa2+ {[#]} 51. Ke3 $1 {White threatens Qe8+! and mate.} Qxa3+ 52. Kf4 $2 (52. Ke2 $18 Qa2+ 53. Kf1 Qxc4+ 54. Ke1 Qc1+ 55. Ke2 Qc2+ 56. Ke3 Qc1+ 57. Kd3 Qa3+ 58. Qc3 Be4+ 59. Kd4) 52... hxg3 $1 $11 53. hxg3 Qc1+ {[%mdl 64] Double Attack} 54. Kg4 {Intending Qe8+! and mate.} f5+ 55. Rxf5 $1 gxf5+ 56. Kxf5 {Strongly threatening Qb8+.} Qc2+ 57. Kf6 {Threatening mate with Qg5+.} Qf2+ 58. Kg5 {Qe8+ is the strong threat.} Qd2+ 59. Kh4 (59. Kh5 $6 Qh2+ 60. Kg4 Qc2 $16) 59... Qa5 60. Qe6+ Kg7 61. Qe7+ Kg6 62. Qd6+ Kh7 63. Kg5 {And now Kf6 would win.} Qa7 64. Qg6+ Kh8 65. Qe8+ Kh7 66. Qg6+ Kh8 67. Qf6+ Kh7 68. b6 ({White should play} 68. Qh6+ $14 Kg8 69. Qe6+ Kf8 70. g4) 68... Qb7 69. c5 {Threatens to win with Qf8.} Kg8 $1 70. g4 Qd5+ 71. Qf5 {Hoping for Qxd5+.} Qd8+ 72. Kh5 Kh8 $2 {[%mdl 8192]} (72... Qd4 $11) 73. Qe5+ (73. g5 $142 Qe7 74. Qf6+ {[%mdl 64] Double Attack} Qg7 75. Qxg7+ Kxg7 76. Kg4 Kf7 77. Kf5 Bc6 78. Ke5) 73... Kh7 $18 74. Qe6 ({Inferior is} 74. Qc7+ Qxc7 75. bxc7 Bb7 $11) 74... Kg7 75. Qg6+ Kf8 76. Qf5+ Ke8 77. Qe5+ $2 (77. Qe6+ Kf8 78. Qh6+ Kf7 79. Qh7+ Kf6 80. Qf5+ Ke7 81. Qg5+ Ke8 82. Qxd8+ Kxd8 83. g5) 77... Kf7 $1 $11 78. Qf5+ $2 {[%mdl 8192]} (78. Kh6 $11 Qf8+ 79. Kh5) 78... Ke8 79. Kg6 $2 (79. Qe6+ {mates} Kf8 80. Qh6+ Kf7 81. Qh7+ Kf8 82. Qh8+ Ke7 83. Qxd8+ Kxd8 84. g5) 79... Qd7 $1 $14 {[#]} 80. Qe5+ $2 (80. g5 $1 $18 Qc6+ 81. Kg7 Qb7+ 82. Kg8) 80... Kd8 $2 {[%mdl 8192]} (80... Kf8 $11) 81. Qh8+ $2 ({Not} 81. Qb8+ Ke7 $11) (81. g5 $18 Qc6+ 82. Kf7) 81... Qe8+ $2 {[%mdl 8192]} (81... Ke7 $11 82. Qf6+ (82. Qxa8 Qxg4+ 83. Kh6 Qh4+ 84. Kg7 Qg5+ 85. Kh8 Qh6+ 86. Kg8 Qg6+ 87. Kh8 Qh6+ 88. Kg8 Qg6+ 89. Kh8 Qh6+ $11) 82... Ke8 83. Qe5+ Kf8) 82. Qxe8+ {White mates.} Kxe8 {KB-K3P} 83. Kf6 Kd7 84. Ke5 Kc6 85. g5 Kxc5 86. g6 Bd5 87. g7 Kxb6 88. Kxd5 {Accuracy: White = 62%, Black = 58%.} 1-0

[Event "CRO-ch Youth U19 2020"]
[Site "Vinkovci"]
[Date "2020.07.30"]
[Round "4.12"]
[White "Moric, Ivan"]
[Black "Smetisko, Josip"]
[Result "1-0"]
[WhiteElo "1726"]
[BlackElo "1940"]
[Annotator "ChessBase"]
[PlyCount "65"]
[EventDate "2020.07.28"]
[EventType "swiss"]
[EventCountry "CRO"]
[SourceTitle "playchess.com"]
[Source "ChessBase"]
[SourceQuality "1"]
[TimeControl "5400+30"]

1. e4 {[%emt 0:00:30]} d6 {[%emt 0:00:30]} 2. d4 {[%emt 0:00:00]} Nf6 {[%emt 0:00:00]} 3. Nc3 {[%emt 0:00:00]} Nbd7 {[%emt 0:00:00]} 4. g3 {[%emt 0:00:30]} e5 {[%emt 0:00:30]} 5. Nge2 {[%emt 0:01:30]} g6 {[%emt 0:08:30]} 6. Bg2 {[%emt 0:00:30]} Bg7 {[%emt 0:00:30]} 7. O-O {[%emt 0:00:30]} O-O {[%emt 0:00:00]} 8. h3 {[%emt 0:02:30]} c6 {[%emt 0:01:00]} 9. Be3 {[%emt 0:03:30]} Nb6 {[%emt 0:02:30]} 10. b3 {[%emt 0:14:30]} Re8 {[%emt 0:02:30]} 11. Qd2 {[%emt 0:01:30]} Qc7 {[%emt 0:12:30]} 12. Rae1 {[%emt 0:09:30]} Be6 {[%emt 0:15:30]} 13. f4 {[%emt 0:03:30]} Rad8 {[%emt 0:07:30]} 14. f5 {[%emt 0:07:30]} Bc8 {[%emt 0:00:30]} 15. g4 {[%emt 0:03:30]} d5 {[%emt 0:03:30]} 16. exd5 {[%emt 0:13:30]} Nfxd5 {[%emt 0:03:30]} 17. Nxd5 {[%emt 0:01:30]} Nxd5 {[%emt 0:00:30]} 18. Bxd5 {[%emt 0:05:30]} Rxd5 {[%emt 0:04:30]} 19. f6 {[%emt 0:03:30]} Bf8 {[%emt 0:17:48]} 20. Bh6 {[%emt 0:05:30]} Kh8 {[%emt 0:05:51]} 21. Nf4 {[%emt 0:04:36]} Bxh6 {[%emt 0:03:14]} 22. Nxd5 {[%emt 0:00:12]} Bxd2 {[%emt 0:05:05]} 23. Nxc7 {[%emt 0:00:06]} Rd8 {[%emt 0:00:24]} 24. Rxe5 {[%emt 0:01:23]} Bd7 {[%emt 0:00:01]} 25. d5 {[%emt 0:04:16]} Ba5 {[%emt 0:02:14]} 26. d6 {[%emt 0:03:31]} Bb6+ {[%emt 0:00:31]} 27. Kg2 {[%emt 0:00:26]} Kg8 {[%emt 0:00:41]} 28. Rfe1 {[%emt 0:02:00]} Bd4 {[%emt 0:00:36]} 29. Re8+ {[%emt 0:00:32]} Bxe8 {[%emt 0:00:23]} 30. Rxe8+ {[%emt 0:00:16]} Rxe8 {[%emt 0:00:04]} 31. Nxe8 {[%emt 0:00:07]} Kf8 {[%emt 0:00:15]} 32. d7 {[%emt 0:00:32]} Bb6 {[%emt 0:00:15]} 33. Nd6 {[%emt 0:00:40]} 1-0